000 00252nam a2200097Ia 4500
001 977322
005 20250826220724.0
008 250824s9999 xx 000 0 und d
245 0 _aŞARKIN KANDİLİ
_cYazar Adı Belirtilmemiş
260 _bKETEBE YAYINLARI
999 _c977322
_d977322